Effect of harvest on leaf development of the Asian Palm Livistona rotundifolia (Registro nro. 9634)

Detalles MARC
000 -CABECERA
Campo de control 006220000a22001930004500
090 ## - CLASIFICACIÓN LOCAL
Colección AR
Consecutivo 00539
041 0# - IDIOMA
Código de idioma para texto/pista de sonido o título separado
100 1# - ASIENTO PRINCIPAL--NOMBRE PERSONAL
Nombre personal O'Brien, Timothy G.
245 10 - MENCION DE TITULO
Título Effect of harvest on leaf development of the Asian Palm Livistona rotundifolia
650 14 - ASIENTO SECUNDARIO DE MATERIA - TERMINO TEMATICO
Término temático o nombre geográfico como elemento de entrada Cultivo de Palma
650 14 - ASIENTO SECUNDARIO DE MATERIA - TERMINO TEMATICO
Término temático o nombre geográfico como elemento de entrada Silvicultura
650 14 - ASIENTO SECUNDARIO DE MATERIA - TERMINO TEMATICO
Término temático o nombre geográfico como elemento de entrada Manejo sostenible
650 14 - ASIENTO SECUNDARIO DE MATERIA - TERMINO TEMATICO
Término temático o nombre geográfico como elemento de entrada Biología
651 #4 - ASIENTO SECUNDARIO DE MATERIA - NOMBRE GEOGRAFICO
-- Sulawesi del norte
-- Indonesia
653 ## - TERMINO DE INDIZACION - NO CONTROLADO
-- Livistona
-- Livistona rotundifolia
700 1# - ASIENTO SECUNDARIO - NOMBRE PERSONAL
Nombre personal Kinnaird, Margaret F.
773 1# - Item fuente:
Título Conservation Biology
Especificación de materiales 24
Descripción física 1
Paginas del Articulo 53-58
Lugar, editorial y fecha de publicación 1996
Información sobre la relación 10
942 ## - ELEMENTOS ADICIONALES (KOHA)
Tipo de ítem Artículo
Existencias
Withdrawn status Lost status Damaged status No para préstamo Colección Ubicación Permanente Ubicación actual Fecha de adquisición Fuente de Valor Datos de publicación Seriada Total Checkouts Número topográfico Inventario / Código de Barras Date last seen Ejemplar Price effective from Forma de adquisición Tipo de material
      No para Préstamo Hemeroteca Bogotá Bogotá 27/02/2015 Alvaréz, Mauricio Fuera de circulación   AR 00539 010851 25/03/2015 1 25/03/2015   Artículo